000 00378pab a2200157 454500
008 180718b2000 xxu||||| |||| 00| 0 eng d
100 _aPalmer, Phil
245 _aHuman rights and British policing
260 _c2000
300 _ap.54-60
362 _aJan
650 _aHuman rights - Great Britain
650 _aHuman rights
773 _aPolice Journal
909 _a45135
999 _c45135
_d45135